[Event "Najdorf Memorial"]
[Site "Warsaw POL"]
[Date "2021.07.16"]
[Round "7.8"]
[White "Selbes, Tarik"]
[Black "Licznerski, Lukasz"]
[Result "0-1"]
[WhiteElo "2235"]
[BlackElo "2400"]
[EventDate "2021.07.10"]
[PlyCount "88"]
[LiveChessVersion "1.4.8"]

1.e4 {[%clk 1:30:58]} 1...c6 {[%clk 1:26:16]} 2.d4 {[%clk 1:31:15]} 2...d5
{[%clk 1:26:43]} 3.e5 {[%clk 1:31:32]} 3...Bf5 {[%clk 1:27:00]} 4.Bd3 {[%clk
1:31:19]} 4...Bxd3 {[%clk 1:27:13]} 5.Qxd3 {[%clk 1:31:43]} 5...e6 {[%clk
1:27:29]} 6.Ne2 {[%clk 1:31:53]} 6...c5 {[%clk 1:20:51]} 7.c3 {[%clk 1:32:11]}
7...Nc6 {[%clk 1:21:06]} 8.O-O {[%clk 1:32:24]} 8...Nge7 {[%clk 1:19:15]} 9.Nd2
{[%clk 1:26:37]} 9...Nf5 {[%clk 1:11:55]} 10.Nf3 {[%clk 1:26:46]} 10...Qb6
{[%clk 1:10:50]} 11.g4 {[%clk 1:20:54]} 11...Nfe7 {[%clk 1:03:22]} 12.dxc5
{[%clk 1:11:06]} 12...Qxc5 {[%clk 1:03:25]} 13.b4 {[%clk 1:09:59]} 13...Qb6
{[%clk 1:02:00]} 14.Ned4 {[%clk 1:06:44]} 14...Ng6 {[%clk 0:59:21]} 15.Re1
{[%clk 1:01:47]} 15...Be7 {[%clk 0:46:28]} 16.a4 {[%clk 1:01:22]} 16...a6
{[%clk 0:39:23]} 17.Ba3 {[%clk 0:48:18]} 17...O-O {[%clk 0:34:34]} 18.h4 {[%clk
0:45:43]} 18...Nxd4 {[%clk 0:32:27]} 19.Nxd4 {[%clk 0:39:21]} 19...Bxh4 {[%clk
0:31:46]} 20.b5 {[%clk 0:36:04]} 20...Rfc8 {[%clk 0:31:27]} 21.Bd6 {[%clk
0:34:21]} 21...Qd8 {[%clk 0:29:38]} 22.bxa6 {[%clk 0:33:07]} 22...bxa6 {[%clk
0:29:56]} 23.Rab1 {[%clk 0:33:21]} 23...Qg5 {[%clk 0:26:43]} 24.Qf3 {[%clk
0:32:49]} 24...h5 {[%clk 0:24:57]} 25.Rb7 {[%clk 0:31:48]} 25...Qxg4+ {[%clk
0:25:25]} 26.Qxg4 {[%clk 0:30:12]} 26...hxg4 {[%clk 0:25:53]} 27.Re3 {[%clk
0:30:10]} 27...Rc4 {[%clk 0:22:12]} 28.Rb4 {[%clk 0:29:30]} 28...Rac8 {[%clk
0:21:40]} 29.Nb3 {[%clk 0:28:49]} 29...Rxc3 {[%clk 0:19:44]} 30.Rxc3 {[%clk
0:29:14]} 30...Rxc3 {[%clk 0:20:12]} 31.Nc5 {[%clk 0:29:39]} 31...Rc2 {[%clk
0:20:04]} 32.Nd3 {[%clk 0:29:12]} 32...Rd2 {[%clk 0:19:46]} 33.Rb3 {[%clk
0:29:15]} 33...g3 {[%clk 0:18:34]} 34.fxg3 {[%clk 0:29:39]} 34...Bxg3 {[%clk
0:19:01]} 35.Kf1 {[%clk 0:29:45]} 35...Nf4 {[%clk 0:12:11]} 36.Nxf4 {[%clk
0:30:07]} 36...Bxf4 {[%clk 0:12:39]} 37.Rb6 {[%clk 0:30:05]} 37...Ra2 {[%clk
0:13:04]} 38.Rxa6 {[%clk 0:30:25]} 38...d4 {[%clk 0:13:15]} 39.Ra8+ {[%clk
0:30:12]} 39...Kh7 {[%clk 0:13:43]} 40.a5 {[%clk 1:00:20]} 40...d3 {[%clk
0:44:06]} 41.Bb4 {[%clk 1:00:45]} 41...Ra1+ {[%clk 0:44:16]} 42.Kf2 {[%clk
1:01:00]} 42...d2 {[%clk 0:44:44]} 43.Bxd2 {[%clk 1:01:23]} 43...Bxd2 {[%clk
0:45:11]} 44.a6 {[%clk 1:01:41]} 44...Bc3 {[%clk 0:45:25]} 0-1

[Event "Najdorf Memorial"]
[Site "Warsaw POL"]
[Date "2021.07.16"]
[Round "7.9"]
[White "Suvorov, Alexander"]
[Black "Czopor, Maciej"]
[Result "1/2-1/2"]
[WhiteElo "2353"]
[BlackElo "2279"]
[EventDate "2021.07.10"]
[PlyCount "96"]
[LiveChessVersion "1.4.8"]

1.d4 {[%clk 1:30:46]} 1...Nf6 {[%clk 1:30:54]} 2.c4 {[%clk 1:31:09]} 2...g6
{[%clk 1:30:29]} 3.Nc3 {[%clk 1:31:21]} 3...Bg7 {[%clk 1:30:49]} 4.e4 {[%clk
1:31:32]} 4...d6 {[%clk 1:31:13]} 5.Nf3 {[%clk 1:31:55]} 5...O-O {[%clk
1:31:19]} 6.Be2 {[%clk 1:32:12]} 6...e5 {[%clk 1:31:40]} 7.Be3 {[%clk 1:32:33]}
7...exd4 {[%clk 1:31:37]} 8.Nxd4 {[%clk 1:32:29]} 8...Re8 {[%clk 1:32:02]} 9.f3
{[%clk 1:32:00]} 9...c6 {[%clk 1:32:16]} 10.Qd2 {[%clk 1:28:40]} 10...d5 {[%clk
1:31:55]} 11.exd5 {[%clk 1:27:49]} 11...cxd5 {[%clk 1:32:15]} 12.c5 {[%clk
1:23:43]} 12...Nc6 {[%clk 1:12:23]} 13.Rd1 {[%clk 1:01:44]} 13...Nh5 {[%clk
0:49:58]} 14.O-O {[%clk 0:54:44]} 14...Qh4 {[%clk 0:40:16]} 15.f4 {[%clk
0:41:43]} 15...Nf6 {[%clk 0:38:36]} 16.Bf2 {[%clk 0:29:21]} 16...Qh6 {[%clk
0:38:51]} 17.Bf3 {[%clk 0:20:52]} 17...Bg4 {[%clk 0:35:55]} 18.h3 {[%clk
0:17:35]} 18...Bxf3 {[%clk 0:34:19]} 19.Nxf3 {[%clk 0:18:04]} 19...Ne4 {[%clk
0:27:59]} 20.Qc1 {[%clk 0:11:55]} 20...Bxc3 {[%clk 0:24:48]} 21.bxc3 {[%clk
0:12:18]} 21...Qg7 {[%clk 0:23:43]} 22.Rd3 {[%clk 0:10:45]} 22...Rad8 {[%clk
0:22:00]} 23.f5 {[%clk 0:09:30]} 23...Nxf2 {[%clk 0:19:48]} 24.Rxf2 {[%clk
0:09:35]} 24...Ne5 {[%clk 0:19:40]} 25.Nxe5 {[%clk 0:09:27]} 25...Rxe5 {[%clk
0:20:00]} 26.Rdf3 {[%clk 0:07:20]} 26...Rde8 {[%clk 0:18:38]} 27.Kh2 {[%clk
0:05:35]} 27...Re4 {[%clk 0:13:10]} 28.fxg6 {[%clk 0:06:00]} 28...fxg6 {[%clk
0:13:29]} 29.Qg5 {[%clk 0:05:58]} 29...Qc7+ {[%clk 0:12:26]} 30.Qg3 {[%clk
0:04:50]} 30...Qxc5 {[%clk 0:11:10]} 31.Rf7 {[%clk 0:05:06]} 31...R4e7 {[%clk
0:11:09]} 32.Qf4 {[%clk 0:04:57]} 32...Qxf2 {[%clk 0:11:14]} 33.Qxf2 {[%clk
0:05:19]} 33...Rxf7 {[%clk 0:11:40]} 34.Qxa7 {[%clk 0:05:45]} 34...Re2 {[%clk
0:10:07]} 35.a4 {[%clk 0:04:35]} 35...Rd7 {[%clk 0:06:00]} 36.a5 {[%clk
0:04:07]} 36...Re6 {[%clk 0:05:42]} 37.Qb8+ {[%clk 0:02:59]} 37...Kg7 {[%clk
0:05:55]} 38.Qc8 {[%clk 0:03:08]} 38...Ree7 {[%clk 0:04:51]} 39.Qc5 {[%clk
0:03:25]} 39...Kf7 {[%clk 0:04:41]} 40.Qd4 {[%clk 0:33:05]} 40...Kg8 {[%clk
0:33:21]} 41.Qc5 {[%clk 0:32:44]} 41...Re8 {[%clk 0:32:38]} 42.Qb6 {[%clk
0:29:43]} 42...Kf7 {[%clk 0:30:05]} 43.Qf2+ {[%clk 0:26:19]} 43...Kg8 {[%clk
0:28:31]} 44.Qb6 {[%clk 0:26:13]} 44...Ree7 {[%clk 0:27:23]} 45.Qc5 {[%clk
0:25:44]} 45...Kf7 {[%clk 0:27:24]} 46.Qf2+ {[%clk 0:24:19]} 46...Ke8 {[%clk
0:26:33]} 47.Qd4 {[%clk 0:24:05]} 47...Kd8 {[%clk 0:25:18]} 48.Qb6+ {[%clk
0:21:19]} 48...Ke8 {[%clk 0:23:25]} 1/2-1/2

[Event "Najdorf Memorial"]
[Site "Warsaw POL"]
[Date "2021.07.16"]
[Round "7.10"]
[White "Kjartansson, Gudmundur"]
[Black "Kiolbasa, Oliwia"]
[Result "1/2-1/2"]
[WhiteElo "2496"]
[BlackElo "2255"]
[EventDate "2021.07.10"]
[PlyCount "97"]
[LiveChessVersion "1.4.8"]

1.c4 {[%clk 1:30:45]} 1...e6 {[%clk 1:30:48]} 2.Nc3 {[%clk 1:30:59]} 2...d5
{[%clk 1:31:06]} 3.d4 {[%clk 1:31:23]} 3...Nf6 {[%clk 1:31:28]} 4.cxd5 {[%clk
1:30:55]} 4...exd5 {[%clk 1:31:49]} 5.Bg5 {[%clk 1:31:21]} 5...Nbd7 {[%clk
1:32:03]} 6.e3 {[%clk 1:31:39]} 6...c6 {[%clk 1:32:17]} 7.Bd3 {[%clk 1:32:00]}
7...Be7 {[%clk 1:32:37]} 8.Qc2 {[%clk 1:31:58]} 8...Nh5 {[%clk 1:32:28]} 9.Bxe7
{[%clk 1:32:04]} 9...Qxe7 {[%clk 1:32:48]} 10.Nge2 {[%clk 1:32:14]} 10...g6
{[%clk 1:32:53]} 11.O-O-O {[%clk 1:29:54]} 11...Nb6 {[%clk 1:32:58]} 12.Kb1
{[%clk 1:28:19]} 12...Ng7 {[%clk 1:32:36]} 13.Ng3 {[%clk 1:28:12]} 13...Be6
{[%clk 1:32:02]} 14.Rc1 {[%clk 1:27:43]} 14...O-O-O {[%clk 1:20:26]} 15.Na4
{[%clk 1:27:19]} 15...Kb8 {[%clk 1:20:36]} 16.Nc5 {[%clk 1:20:27]} 16...Bc8
{[%clk 1:20:57]} 17.a4 {[%clk 1:20:17]} 17...Nd7 {[%clk 1:19:45]} 18.b4 {[%clk
1:14:21]} 18...h5 {[%clk 1:08:34]} 19.b5 {[%clk 1:09:31]} 19...cxb5 {[%clk
0:50:30]} 20.axb5 {[%clk 1:09:03]} 20...h4 {[%clk 0:50:50]} 21.Ne2 {[%clk
1:08:52]} 21...b6 {[%clk 0:41:45]} 22.Nxd7+ {[%clk 1:03:51]} 22...Bxd7 {[%clk
0:36:25]} 23.Qc7+ {[%clk 0:45:59]} 23...Ka8 {[%clk 0:36:41]} 24.Rc2 {[%clk
0:45:45]} 24...Rc8 {[%clk 0:30:03]} 25.Qe5 {[%clk 0:45:40]} 25...Qxe5 {[%clk
0:17:39]} 26.dxe5 {[%clk 0:45:59]} 26...Rhe8 {[%clk 0:16:38]} 27.Rxc8+ {[%clk
0:20:43]} 27...Rxc8 {[%clk 0:08:45]} 28.Kb2 {[%clk 0:18:42]} 28...Ne6 {[%clk
0:06:37]} 29.Nd4 {[%clk 0:17:04]} 29...Nxd4 {[%clk 0:05:00]} 30.exd4 {[%clk
0:17:29]} 30...Kb7 31.Rc1 {[%clk 0:14:10]} 31...Rxc1 {[%clk 0:02:45]} 32.Kxc1
{[%clk 0:14:36]} 32...a6 {[%clk 0:02:34]} 33.bxa6+ {[%clk 0:14:58]} 33...Ka7
{[%clk 0:03:02]} 34.f4 {[%clk 0:05:45]} 34...b5 {[%clk 0:03:09]} 35.e6 {[%clk
0:05:55]} 35...Bxe6 {[%clk 0:01:32]} 36.Bxb5 {[%clk 0:06:19]} 36...Kb6 {[%clk
0:01:59]} 37.Kd2 {[%clk 0:05:06]} 37...Bc8 {[%clk 0:02:11]} 38.Be8 {[%clk
0:04:12]} 38...Be6 {[%clk 0:02:34]} 39.f5 {[%clk 0:03:22]} 39...Bxf5 {[%clk
0:01:37]} 40.Bxf7 {[%clk 0:33:48]} 40...Be4 {[%clk 0:32:04]} 41.Ke3 {[%clk
0:26:40]} 41...g5 {[%clk 0:28:03]} 42.g3 {[%clk 0:24:13]} 42...hxg3 {[%clk
0:26:09]} 43.hxg3 {[%clk 0:24:32]} 43...Kxa6 {[%clk 0:26:09]} 44.Kd2 {[%clk
0:24:40]} 44...Kb5 {[%clk 0:25:17]} 45.Kc3 {[%clk 0:25:06]} 45...Ka4 {[%clk
0:25:04]} 46.Be8+ {[%clk 0:25:10]} 46...Ka3 {[%clk 0:24:08]} 47.Bb5 {[%clk
0:25:26]} 47...Bf3 {[%clk 0:24:19]} 48.Bc6 {[%clk 0:25:53]} 48...Be4 {[%clk
0:24:41]} 49.Bb5 {[%clk 0:26:20]} 1/2-1/2

[Event "Najdorf Memorial"]
[Site "Warsaw POL"]
[Date "2021.07.16"]
[Round "7.11"]
[White "Karwowski, Kacper"]
[Black "Chatalbashev, Boris"]
[Result "0-1"]
[WhiteElo "2243"]
[BlackElo "2530"]
[EventDate "2021.07.10"]
[PlyCount "150"]
[LiveChessVersion "1.4.8"]

1.e4 {[%clk 1:27:00]} 1...g6 {[%clk 1:28:00]} 2.d4 {[%clk 1:27:13]} 2...Bg7
{[%clk 1:28:26]} 3.Nf3 {[%clk 1:27:31]} 3...d6 {[%clk 1:28:50]} 4.Bc4 {[%clk
1:27:12]} 4...Nf6 {[%clk 1:29:11]} 5.Qe2 {[%clk 1:27:36]} 5...O-O {[%clk
1:29:34]} 6.O-O {[%clk 1:27:59]} 6...c6 {[%clk 1:29:55]} 7.Bb3 {[%clk 1:27:33]}
7...a5 {[%clk 1:30:13]} 8.a4 {[%clk 1:27:44]} 8...Na6 {[%clk 1:24:59]} 9.h3
{[%clk 1:27:24]} 9...e5 {[%clk 1:22:19]} 10.dxe5 {[%clk 1:26:39]} 10...dxe5
{[%clk 1:22:44]} 11.c3 {[%clk 1:23:36]} 11...Nc5 {[%clk 1:21:49]} 12.Bc2 {[%clk
1:23:50]} 12...Qc7 {[%clk 1:13:28]} 13.Na3 {[%clk 1:20:02]} 13...b6 {[%clk
1:12:20]} 14.Rd1 {[%clk 1:05:00]} 14...Ba6 {[%clk 1:12:30]} 15.Qe1 {[%clk
1:04:01]} 15...Rfd8 {[%clk 1:11:21]} 16.Bg5 {[%clk 0:56:34]} 16...Ne6 {[%clk
1:06:34]} 17.Be3 {[%clk 0:51:05]} 17...Nf4 {[%clk 1:06:32]} 18.Rxd8+ {[%clk
0:39:15]} 18...Rxd8 {[%clk 1:06:45]} 19.g3 {[%clk 0:35:59]} 19...Nd3 {[%clk
0:48:53]} 20.Bxd3 {[%clk 0:35:42]} 20...Bxd3 {[%clk 0:49:17]} 21.Bg5 {[%clk
0:35:39]} 21...h6 {[%clk 0:45:11]} 22.Bxf6 {[%clk 0:35:58]} 22...Bxf6 {[%clk
0:45:36]} 23.Qe3 {[%clk 0:35:48]} 23...Kg7 {[%clk 0:40:46]} 24.Rd1 {[%clk
0:30:17]} 24...Ba6 {[%clk 0:41:06]} 25.Rd2 {[%clk 0:29:26]} 25...Rxd2 {[%clk
0:35:13]} 26.Qxd2 {[%clk 0:29:38]} 26...Qc8 {[%clk 0:35:37]} 27.Kg2 {[%clk
0:28:35]} 27...Qe6 {[%clk 0:35:54]} 28.Qc2 {[%clk 0:23:28]} 28...Be7 {[%clk
0:26:22]} 29.Nb1 {[%clk 0:23:29]} 29...Bc5 {[%clk 0:22:16]} 30.Nbd2 {[%clk
0:18:57]} 30...Qd6 {[%clk 0:22:14]} 31.c4 {[%clk 0:16:03]} 31...Bc8 {[%clk
0:21:36]} 32.Nb3 {[%clk 0:07:40]} 32...Bb4 {[%clk 0:20:30]} 33.h4 {[%clk
0:05:36]} 33...Bg4 {[%clk 0:15:31]} 34.c5 {[%clk 0:02:05]} 34...bxc5 {[%clk
0:13:36]} 35.Nbd2 {[%clk 0:01:56]} 35...f6 {[%clk 0:08:08]} 36.Nc4 {[%clk
0:01:50]} 36...Qd7 {[%clk 0:08:32]} 37.b3 {[%clk 0:00:54]} 37...Bh3+ {[%clk
0:07:51]} 38.Kh2 {[%clk 0:00:51]} 38...Bf1 {[%clk 0:06:50]} 39.Kg1 {[%clk
0:00:32]} 39...Qd3 {[%clk 0:04:13]} 40.Qxd3 {[%clk 0:30:32]} 40...Bxd3 {[%clk
0:34:37]} 41.Nfd2 {[%clk 0:29:43]} 41...Bc2 {[%clk 0:33:22]} 42.Ne3 {[%clk
0:22:23]} 42...Bd3 {[%clk 0:33:46]} 43.Nec4 {[%clk 0:22:45]} 43...Bc3 {[%clk
0:33:44]} 44.f3 {[%clk 0:20:10]} 44...h5 {[%clk 0:30:54]} 45.Kf2 {[%clk
0:20:11]} 45...g5 {[%clk 0:30:49]} 46.Ke3 {[%clk 0:19:06]} 46...Bc2 {[%clk
0:29:04]} 47.Ke2 {[%clk 0:18:20]} 47...Bxd2 {[%clk 0:27:30]} 48.Kxd2 {[%clk
0:14:39]} 48...Bxb3 {[%clk 0:27:31]} 49.Nxa5 {[%clk 0:09:44]} 49...Bxa4 {[%clk
0:27:51]} 50.Nc4 {[%clk 0:06:57]} 50...Bb3 {[%clk 0:27:27]} 51.Ne3 {[%clk
0:06:28]} 51...Be6 {[%clk 0:27:02]} 52.Nd1 {[%clk 0:06:00]} 52...Kf7 {[%clk
0:23:26]} 53.Nf2 {[%clk 0:04:42]} 53...Ke7 {[%clk 0:23:36]} 54.Kc3 {[%clk
0:04:50]} 54...Bc8 {[%clk 0:23:35]} 55.Kd2 {[%clk 0:03:28]} 55...Ba6 {[%clk
0:23:31]} 56.Ke3 {[%clk 0:01:50]} 56...Bf1 {[%clk 0:20:15]} 57.Kd2 {[%clk
0:00:43]} 57...Bg2 {[%clk 0:17:21]} 58.Ke2 {[%clk 0:01:06]} 58...c4 {[%clk
0:14:49]} 59.Nd1 {[%clk 0:01:32]} 59...Bh1 {[%clk 0:14:40]} 60.Nf2 {[%clk
0:01:41]} 60...Bg2 {[%clk 0:15:05]} 61.Nd1 {[%clk 0:02:09]} 61...Bh3 {[%clk
0:14:02]} 62.Ne3 {[%clk 0:02:27]} 62...Be6 {[%clk 0:14:26]} 63.Kd2 {[%clk
0:02:19]} 63...Kd6 {[%clk 0:14:26]} 64.Kc3 {[%clk 0:01:51]} 64...Kc5 {[%clk
0:14:13]} 65.Nd1 {[%clk 0:01:04]} 65...g4 {[%clk 0:13:05]} 66.fxg4 {[%clk
0:00:40]} 66...Bxg4 {[%clk 0:13:28]} 67.Ne3 {[%clk 0:00:31]} 67...Bf3 {[%clk
0:13:29]} 68.Nxc4 {[%clk 0:00:33]} 68...Bxe4 {[%clk 0:13:52]} 69.Ne3 {[%clk
0:00:36]} 69...f5 {[%clk 0:13:10]} 70.Nd1 {[%clk 0:00:50]} 70...f4 {[%clk
0:10:24]} 71.Nf2 {[%clk 0:01:06]} 71...Bf5 {[%clk 0:10:40]} 72.g4 {[%clk
0:00:32]} 72...hxg4 {[%clk 0:10:55]} 73.h5 {[%clk 0:00:58]} 73...g3 {[%clk
0:11:10]} 74.Nd3+ {[%clk 0:01:04]} 74...Bxd3 {[%clk 0:11:20]} 75.Kxd3 {[%clk
0:01:30]} 75...g2 {[%clk 0:11:45]} 0-1

[Event "Najdorf Memorial"]
[Site "Warsaw POL"]
[Date "2021.07.16"]
[Round "7.12"]
[White "Pacan-milej, Kosma"]
[Black "Paszewski, Mateusz"]
[Result "1/2-1/2"]
[WhiteElo "2421"]
[BlackElo "2280"]
[EventDate "2021.07.10"]
[PlyCount "35"]
[LiveChessVersion "1.4.8"]

1.d4 {[%clk 1:30:56]} 1...Nf6 {[%clk 1:30:45]} 2.c4 {[%clk 1:30:49]} 2...e6
{[%clk 1:31:10]} 3.Nc3 {[%clk 1:30:57]} 3...Bb4 {[%clk 1:31:29]} 4.Nf3 {[%clk
1:28:05]} 4...b6 {[%clk 1:31:06]} 5.Bd2 {[%clk 1:18:47]} 5...Bb7 {[%clk
1:29:30]} 6.e3 {[%clk 1:16:30]} 6...O-O {[%clk 1:27:58]} 7.Bd3 {[%clk 1:15:08]}
7...Bxc3 {[%clk 1:24:57]} 8.Bxc3 {[%clk 1:15:29]} 8...Ne4 {[%clk 1:25:17]}
9.Bxe4 {[%clk 0:55:53]} 9...Bxe4 {[%clk 1:25:07]} 10.d5 {[%clk 0:56:15]}
10...f6 {[%clk 1:11:11]} 11.Nd2 {[%clk 0:47:51]} 11...Bg6 {[%clk 1:06:41]}
12.Qf3 {[%clk 0:40:49]} 12...e5 {[%clk 0:58:15]} 13.h4 {[%clk 0:37:20]} 13...h6
{[%clk 0:54:24]} 14.h5 {[%clk 0:20:42]} 14...Bh7 {[%clk 0:51:56]} 15.d6 {[%clk
0:19:51]} 15...Na6 {[%clk 0:49:11]} 16.dxc7 {[%clk 0:18:18]} 16...Qxc7 {[%clk
0:45:24]} 17.O-O {[%clk 0:17:46]} 17...Qc6 {[%clk 0:37:35]} 18.b3 {[%clk
0:08:39]} 1/2-1/2

[Event "Najdorf Memorial"]
[Site "Warsaw POL"]
[Date "2021.07.16"]
[Round "7.13"]
[White "Fiedorek, Michal"]
[Black "Cukrowski, Filip"]
[Result "1-0"]
[WhiteElo "2234"]
[BlackElo "2389"]
[EventDate "2021.07.10"]
[PlyCount "94"]
[LiveChessVersion "1.4.8"]

1.e4 {[%clk 1:30:58]} 1...c5 {[%clk 1:30:54]} 2.Nf3 {[%clk 1:31:23]} 2...e6
{[%clk 1:31:20]} 3.d4 {[%clk 1:31:47]} 3...cxd4 {[%clk 1:31:46]} 4.Nxd4 {[%clk
1:32:11]} 4...a6 {[%clk 1:32:11]} 5.Bd3 {[%clk 1:32:26]} 5...Nf6 {[%clk
1:32:30]} 6.O-O {[%clk 1:32:18]} 6...d6 {[%clk 1:32:57]} 7.Qe2 {[%clk 1:32:22]}
7...Be7 {[%clk 1:33:16]} 8.c4 {[%clk 1:32:26]} 8...O-O {[%clk 1:33:39]} 9.Nc3
{[%clk 1:32:27]} 9...b6 {[%clk 1:33:10]} 10.Bd2 {[%clk 1:31:51]} 10...Bb7
{[%clk 1:33:24]} 11.f4 {[%clk 1:31:44]} 11...Nbd7 {[%clk 1:31:39]} 12.Rae1
{[%clk 1:31:27]} 12...Re8 {[%clk 1:27:07]} 13.Kh1 {[%clk 1:31:10]} 13...Nc5
{[%clk 0:52:38]} 14.Bb1 {[%clk 1:27:46]} 14...d5 {[%clk 0:50:11]} 15.cxd5
{[%clk 1:17:23]} 15...exd5 {[%clk 0:49:33]} 16.e5 {[%clk 1:17:33]} 16...Nfe4
{[%clk 0:49:51]} 17.Nf5 {[%clk 1:02:38]} 17...Bf8 {[%clk 0:45:22]} 18.Be3
{[%clk 0:58:28]} 18...g6 {[%clk 0:28:12]} 19.Nd4 {[%clk 0:57:10]} 19...f6
{[%clk 0:25:11]} 20.Nf3 {[%clk 0:54:05]} 20...Bg7 {[%clk 0:22:41]} 21.Bd4
{[%clk 0:52:08]} 21...Ne6 {[%clk 0:22:13]} 22.Nxe4 {[%clk 0:34:39]} 22...dxe4
{[%clk 0:22:34]} 23.Bxe4 {[%clk 0:34:59]} 23...Nxf4 {[%clk 0:22:41]} 24.Qe3
{[%clk 0:23:15]} 24...Bxe4 {[%clk 0:22:08]} 25.Qxe4 {[%clk 0:23:32]} 25...Ne6
{[%clk 0:04:40]} 26.Bg1 {[%clk 0:21:41]} 26...Ra7 {[%clk 0:02:16]} 27.Qc6
{[%clk 0:17:38]} 27...Qd7 {[%clk 0:01:34]} 28.Qxb6 {[%clk 0:14:23]} 28...Rb7
{[%clk 0:02:02]} 29.Qd6 {[%clk 0:11:22]} 29...fxe5 {[%clk 0:01:56]} 30.Qxd7
{[%clk 0:11:48]} 30...Rxd7 {[%clk 0:02:21]} 31.Nxe5 {[%clk 0:12:11]} 31...Rd5
{[%clk 0:01:20]} 32.Nc4 {[%clk 0:11:49]} 32...Nc7 {[%clk 0:01:21]} 33.Rxe8+
{[%clk 0:09:39]} 33...Nxe8 {[%clk 0:01:50]} 34.b4 {[%clk 0:06:23]} 34...Nd6
{[%clk 0:01:48]} 35.Nxd6 {[%clk 0:06:01]} 35...Rxd6 {[%clk 0:02:17]} 36.a4
{[%clk 0:04:43]} 36...Rd5 {[%clk 0:02:10]} 37.g3 {[%clk 0:03:06]} 37...Be5
{[%clk 0:01:50]} 38.Rb1 {[%clk 0:00:58]} 38...Kf7 {[%clk 0:02:07]} 39.b5 {[%clk
0:00:47]} 39...axb5 {[%clk 0:02:33]} 40.Rxb5 {[%clk 0:30:48]} 40...Ke6 {[%clk
0:31:39]} 41.Rxd5 {[%clk 0:28:31]} 41...Kxd5 {[%clk 0:32:06]} 42.a5 {[%clk
0:26:35]} 42...h5 {[%clk 0:27:23]} 43.a6 {[%clk 0:26:04]} 43...Kc6 {[%clk
0:27:47]} 44.Kg2 {[%clk 0:25:27]} 44...Bd6 {[%clk 0:19:37]} 45.Bf2 {[%clk
0:23:53]} 45...Bc7 {[%clk 0:18:59]} 46.h3 {[%clk 0:23:26]} 46...g5 {[%clk
0:13:59]} 47.Kf1 {[%clk 0:23:15]} 47...Kd5 {[%clk 0:13:56]} 1-0

[Event "Najdorf Memorial"]
[Site "Warsaw POL"]
[Date "2021.07.16"]
[Round "7.14"]
[White "Czernek, Tymon"]
[Black "Lewtak, Damian"]
[Result "1/2-1/2"]
[WhiteElo "2171"]
[BlackElo "2380"]
[EventDate "2021.07.10"]
[PlyCount "116"]
[LiveChessVersion "1.4.8"]

1.e4 {[%clk 1:30:58]} 1...e6 {[%clk 1:30:57]} 2.d4 {[%clk 1:31:23]} 2...d5
{[%clk 1:31:23]} 3.Nc3 {[%clk 1:31:51]} 3...Bb4 {[%clk 1:31:48]} 4.e5 {[%clk
1:32:18]} 4...b6 {[%clk 1:31:25]} 5.Qg4 {[%clk 1:31:59]} 5...Bf8 {[%clk
1:31:46]} 6.f4 {[%clk 1:23:53]} 6...Ne7 {[%clk 1:31:32]} 7.Be3 {[%clk 1:19:17]}
7...Qd7 {[%clk 1:31:20]} 8.Qd1 {[%clk 1:15:18]} 8...Ba6 {[%clk 1:29:17]} 9.Bxa6
{[%clk 1:14:55]} 9...Nxa6 {[%clk 1:29:41]} 10.Nf3 {[%clk 1:13:43]} 10...h5
{[%clk 1:25:22]} 11.Bf2 {[%clk 1:05:11]} 11...Nf5 {[%clk 1:25:25]} 12.Ne2
{[%clk 1:01:31]} 12...c5 {[%clk 1:22:20]} 13.c3 {[%clk 1:00:53]} 13...cxd4
{[%clk 1:22:02]} 14.Nexd4 {[%clk 0:59:59]} 14...Nxd4 {[%clk 1:20:29]} 15.Nxd4
{[%clk 1:00:21]} 15...Nc5 {[%clk 1:20:00]} 16.O-O {[%clk 0:58:40]} 16...Be7
{[%clk 1:20:24]} 17.Be3 {[%clk 0:56:15]} 17...g6 {[%clk 1:20:50]} 18.Qe2 {[%clk
0:53:57]} 18...Rc8 {[%clk 1:20:00]} 19.Rac1 {[%clk 0:53:02]} 19...Ne4 {[%clk
1:14:55]} 20.Nf3 {[%clk 0:51:14]} 20...Qa4 {[%clk 1:13:14]} 21.a3 {[%clk
0:33:55]} 21...Kf8 {[%clk 1:10:31]} 22.Nd4 {[%clk 0:32:05]} 22...Bc5 {[%clk
1:08:21]} 23.Qc2 {[%clk 0:21:51]} 23...Qa6 {[%clk 1:04:03]} 24.Rfe1 {[%clk
0:20:56]} 24...Bxd4 {[%clk 0:58:41]} 25.Bxd4 {[%clk 0:21:21]} 25...Qb7 {[%clk
0:58:48]} 26.Qe2 {[%clk 0:18:47]} 26...Nc5 {[%clk 0:59:10]} 27.Rcd1 {[%clk
0:15:54]} 27...h4 {[%clk 0:57:47]} 28.Qg4 {[%clk 0:14:05]} 28...Qe7 {[%clk
0:57:08]} 29.g3 {[%clk 0:11:22]} 29...Rh5 {[%clk 0:56:53]} 30.Qf3 {[%clk
0:10:56]} 30...hxg3 {[%clk 0:55:33]} 31.hxg3 {[%clk 0:11:25]} 31...Kg7 {[%clk
0:54:26]} 32.Kg2 {[%clk 0:11:53]} 32...Rch8 {[%clk 0:53:02]} 33.Rh1 {[%clk
0:12:16]} 33...Ne4 {[%clk 0:51:23]} 34.Rxh5 {[%clk 0:11:06]} 34...Rxh5 {[%clk
0:51:47]} 35.Rh1 {[%clk 0:08:33]} 35...Rxh1 {[%clk 0:52:13]} 36.Kxh1 {[%clk
0:09:01]} 36...Qe8 {[%clk 0:52:28]} 37.Qd3 {[%clk 0:08:51]} 37...g5 {[%clk
0:50:58]} 38.Kg2 {[%clk 0:08:07]} 38...gxf4 {[%clk 0:47:57]} 39.gxf4 {[%clk
0:08:35]} 39...Qg8 {[%clk 0:48:16]} 40.Qh3 {[%clk 0:36:20]} 40...Kf8+ {[%clk
1:14:40]} 41.Kf1 {[%clk 0:36:27]} 41...Ke7 {[%clk 1:10:54]} 42.Ke1 {[%clk
0:32:55]} 42...Qg6 {[%clk 1:09:06]} 43.Kd1 {[%clk 0:30:49]} 43...Ng3 {[%clk
1:07:34]} 44.Kd2 {[%clk 0:29:40]} 44...Kd7 {[%clk 1:07:13]} 45.a4 {[%clk
0:25:43]} 45...Nh5 {[%clk 1:05:01]} 46.Qf1 {[%clk 0:24:32]} 46...Ke7 {[%clk
0:51:45]} 47.a5 {[%clk 0:24:52]} 47...Ng3 {[%clk 0:50:51]} 48.Qa6 {[%clk
0:22:23]} 48...Ne4+ {[%clk 0:49:56]} 49.Kc1 {[%clk 0:22:42]} 49...Kf8 {[%clk
0:46:20]} 50.axb6 {[%clk 0:22:57]} 50...axb6 {[%clk 0:46:45]} 51.Qxb6 {[%clk
0:22:52]} 51...Kg7 {[%clk 0:46:18]} 52.Be3 {[%clk 0:22:25]} 52...Qg3 {[%clk
0:40:39]} 53.Qd4 {[%clk 0:21:29]} 53...Qe1+ {[%clk 0:40:12]} 54.Kc2 {[%clk
0:21:52]} 54...Kg6 {[%clk 0:39:17]} 55.Qd3 {[%clk 0:20:25]} 55...Kf5 {[%clk
0:39:01]} 56.Bc1 {[%clk 0:18:11]} 56...Qf2+ {[%clk 0:38:36]} 57.Kb1 {[%clk
0:18:27]} 57...Kg4 {[%clk 0:37:47]} 58.Qd1+ {[%clk 0:17:35]} 58...Kg3 {[%clk
0:35:20]} 1/2-1/2